01123 2200241 4500001002100000005001500021035002000036007000300056008004100059020002200100082001400122084002000136100004200156245010100198250002100299260003900320300002900359700003400388700003200422650003800454520037200492990001700864INLIS00000000000054020260525095345 a0010-0523000082ta260525 j 1 ind  a978-602-242-057-6 a899 221 3 a899 221 3 AIS k0 aAisya Nadhira Kresnanda ( pengarang )1 aKonnichiwa :bPink berry /cAisya Nadhira Kresnanda ; penyunting,Dadan Ramadhan dan Dian Hartati a-Cet.I,Juni 2013 aBandung :bPT MIzan Pustaka,c2013 a182 :bilus. ;c21 cme-0 aDadan Ramadhan ( penyunting )0 aDian Hartati ( penyunting ) 4aFiksi Indonesia- bacaan anak-anak aPerayaan tahun baru yang pertama dan menyenangkan bagi Will. Dia memakai Yukata dan saudara kembarnya, Emily, memakai kimono. Wajah bule mereka berbaur dengan wajah oriental penduduk Jepang. Will dan Emily pindah ke Jepang bersama orangtua. Mereka menikmati kehidupan serba-baru. Awalnya, Will tidak setuju dengan kepindahan itu. Walaupun keluarga Greenwood sering… a00011/K/2015